=LDR 00000nam 2200000 4500 =001 INLIS000000000014361 =005 20130612105635 =008 ***********************************ind** =035 ##$$0010-061300000014361 =041 ##$$a ind =082 ##$$a 297.54 =090 ##$$a 297.54, Ari d =100 ##$$a Arianto, Edhi =245 ##$$a Doa anak saleh, Membentuk iman dan takwa putra tercinta, Edhi Aryanto =260 ##$$a 2002 $b Yogyakarta =300 ##$$a viii, 40 hlm, Il, 21 cm =650 ##$$a Doa =850 ##$$a NBPNMAT